000
00398nam a22001697a 4500
003
MPLRDC
005
20220104123547.0
008
210129b ||||| |||| 00| 0 eng d
082
_a
411.3 ZWC
100
_a
郑文灿
245
_a
健康食谱
_c
250
_a
初版
260
_a
_b
大光出版社有限公司
_c
1979
300
_b
平
650
_a
营养与食品
942
_c
BK
_o
411.3 ZWC
999
_c
12385
_d
12375